000 00955cam a22003017a 4500
003 CHAP
005 20220329140517.0
008 971013s1980 r 00010 d
010 _a53077
011 _a54049
035 _a58199
040 _cCHAP
090 _aTesis
100 0 0 _aSánchez Ríos, Armando.
_9107803
245 0 _aViabilidad económica de la explotación vainillera en México
260 _aMéxico, D.F. :
_bEl autor,
_c1980
300 _a264 h.
502 _aTesis (Lic. en Economía) -- UNAM. Fac. de Economía
590 _aALEPH
_b10
_c20130110
_lUCH01
_h1330
590 _aBATCH-UPD
_b10
_c20130110
_lUCH01
_h0221
590 _aBATCH-UPD
_b10
_c20130409
_lUCH01
_h2242
590 _aBATCH-UPD
_b10
_c20130914
_lUCH01
_h2028
590 _aCONVERSION
_b10
_c20130109
_lUCH01
_h1329
650 1 4 _aVainilla
_xAspectos económicos
_xMéxico.
_9117194
901 _aBK
942 _cTESIS
949 _bBC
_cTES
_d-126397
_eTS1
_h20457
_i58199
_si
999 _c53077
_d53077